01017nac a22002531u 4500008004100000020001500041082002100056100004100077245009200118260005700210300002900267500002000296650004200316650003600358650003400394650001900428700003100447942003400478999001300512336002600525337002800551338002700579952015700606100906s200 ii |||||ril 001 0 eng d a8123908857 a570.285bRAS222 aRastogi, S.C. 918393 aBioinformatics :bConcepts, Skills and Applications /cS.C. Rastogi, Namita Mendiratta. aNew Delhi :bCBS Publishers and Distributors,c2004. a352 p. :bill. ;c24 cm. aIncludes index. aLife sciencesxData processing918394 aGenomesxData processing918395 aComputational Biology.918396 aGenome.918397 aMendiratta, Namita.918398 cBBk570.285 RAS2ddchRDA-MOD c785d785 2rdacontentatextbtxt aunmediated2rdamediabn avolumebnc2rdacarrier 00102ddc40708 aMAINbMAINc1STd2006-07-27epurchaseg96.00l4m20o570.285 RASp000003797r2026-03-28 00:00:00s2024-10-23v120.00w2006-07-27yBB